000 00524nam a22001817a 4500
005 20251108165918.0
008 250721s2000 xx 000 0 ara d
020 _a9957071793
082 1 4 _a519.53/علي
100 1 _aأبو علي، فاتن عبد الحليم
245 1 0 _aمبادىء الإحصاء الوصفي /
264 1 _aعمان :
_bدار الفكر،
_c2000.
300 _a208ص
650 1 7 _aالإحصاء الوصفي
650 1 7 _aالوسط الحسابي
942 _2ddc
_cBK
999 _c34623
_d34623